| 000 | 00970cam a2200217 4500 | ||
|---|---|---|---|
| 001 | WB3734-09 | ||
| 008 | 010912n2001 000 0 eng u | ||
| 035 | _a(Sirsi) u114543 | ||
| 245 | _aFear of US-style dive in office rents | ||
| 260 | _c2001 | ||
| 490 |
_aEstates Gazette _v(0136) 8 September 2001, 44(1) |
||
| 520 | _aInsignia's "Summer 2001 world office rents survey" warns that the sharp drop in prime office rents in the US could impact on the UK office market. The report shows that the US downturn has affected other markets outside the US such as Japan, although the UK office market should fare better because of lower levels of supply. | ||
| 590 | _aWB | ||
| 650 | _aINSIGNIA RICHARD ELLIS | ||
| 650 | _aUNITED STATES | ||
| 650 | _aPRIME OFFICE RENTS | ||
| 650 | _aOFFICE RENTS | ||
| 650 | _aPROPERTY-COMMERCIAL PROPERTY-OFFICE PROPERTY-OFFICE PROPERTY MARKET | ||
| 690 | _aPROPERTY-COMMERCIAL PROPERTY-COMMERCIAL PROPERTY MARKET | ||
| 942 | _n0 | ||
| 999 |
_c68246 _d68246 |
||